000 00726cam a22002537a 4500
001 16095812
003 LC
005 20160222142716.0
008 100218s2010 nyu j 000 1 eng
010 _a 2010922982
020 _a9781442412095
040 _aDLC
_cDLC
050 0 0 _aPN 1992.77
_b.V953 2010
082 _aFIC
_bV91b 2006
100 _aVornholt, John
_94334
245 0 0 _aBuffy the vampire slayer
_cJohn Vornholt.
250 _aSimon Pulse paperback ed.
260 _aNew York :
_bSimon Pulse,
_cc2010.
300 _a656 p. :
_c21 cm.
906 _a7
_bcbc
_corignew
_d4
_eepcn
_f20
_gy-gencatlg
942 _2lcc
_cBK
999 _c10895
_d10895